Statistics for Disney Films

Click here to take the quiz!

General Stats

  • This quiz has been taken 2,854 times
  • The average score is 23 of 35

Answer Stats

Hint Answer % Correct
Locating NemoFinding Nemo
94%
HeraclesHercules
91%
VehiclesCars
90%
Pretty and the MonsterBeauty and the Beast
89%
IcedFrozen
88%
Rhymes with gumboDumbo
85%
The Leo MonarchThe Lion King
82%
The Rich KittiesThe Aristocats
80%
The Knife in the RockThe Sword in the Stone
78%
CourageousBrave
78%
The Petite SirenThe Little Mermaid
76%
FantasyFantasia
76%
Chilly Blanc and Siete Hobbit CousinsSnow White and the Seven Dwarves
76%
The AmazingsThe Incredibles
73%
Jim and the Huge FruitJames and the Giant Peach
72%
The King's Daughter and an AmphibianThe Princess and the Frog
72%
Narcoleptic BabeSleeping Beauty
69%
Beasts CollegeMonsters University
69%
"Be a Man"Mulan
69%
Rat PatootieRatatouille
68%
Servant of AllahAladdin
67%
The Wilderness NovelThe Jungle Book
66%
AscendUp
66%
Playthings TaleToy Story
66%
To the window to the ____ + EWall-E
62%
Woman and the VagabondLady and the Tramp
61%
KnottyTangled
61%
What the ___ say? + a dogThe Fox and the Hound
53%
The Monarch's Contemporary FunkThe Emperor's New Groove
53%
Ashy EleanorCinderella
50%
Pollo MinisculeChicken Little
50%
Hermano UrsaBrother Bear
40%
Playful OnePocahontas
23%
A Silly FilmA Goofy Movie
17%
Riches Heavenly BodyTreasure Planet
9%

Score Distribution

Percentile by Number Answered

Percent of People with Each Score

Your Score History

You have not taken this quiz